• 首页
  • 本馆介绍
  • 公告通知
  • 最新文献
  • 馆藏检索
  • 电子资源
  • 读者导购
  • 参考咨询
  • 我的图书馆
  • 登录
  • 详细信息显示
  • 放入我的书架
  • 预约/预借图书
  • 作者相关作品
  • 分类相关作品
  • 丛书相关作品
  • 出版社相关作品

书目信息

  • 表格格式
  • 工作单格式
  • 卡片格式
题名:
国风选译
    
 
作者: 陈子展 编
分册:  
出版信息: 上海   上海古籍出版社  1983.11
页数: 409页
开本: 20cm
丛书名:
单 册:
中图分类: I222.2
科图分类:
主题词: 诗歌--中国 , 韵文--中国
电子资源:
ISBN:
000 00568nam0 2200217 45
001 0312221749
005 20031222170929.5
010    @dCNY1.20
100    @a20031222d1983 km y0chiy0120 ea
101    @achi
105    @a z 000yy
200 1  @a国风选译@AGuo Feng Xuan Yi@f陈子展编@FChen Zi Zhan Bian
205    @a增订本
210    @a上海@c上海古籍出版社@d1983.11
215    @a409页@d20cm
606 0  @a诗歌@x中国
606 0  @a韵文@x中国
690    @aI222.2@v3
701 0  @a陈子展@4编
801    @aCN@bTSTCL@c20031222
905    @a213230@dI222.2@e200@b123377-381@f5
    
    国风选译/陈子展编.-增订本.-上海:上海古籍出版社,1983.11
    409页;20cm
    
    
    ISBN :CNY1.20
    
●
相关链接 在E读中查询图书 在五车中查询图书 在当当中查询图书 在豆瓣中查询图书


正题名:国风选译     索取号:I222.2/200         预约/预借

序号 登录号 条形码 馆藏地/架位号 状态 备注
1 0123377   000974459   第二借阅区/ [索取号:I222.2/200] 在馆    
2 0123378   000974495   第二借阅区/ [索取号:I222.2/200] 在馆    
3 0123379   000974538   第二借阅区/ [索取号:I222.2/200] 在馆    
4 0123380   000974431   第二借阅区/ [索取号:I222.2/200] 在馆    
5 0123381   000974574   第一样本阅览室/ [索取号:I222.2/200] 在馆    
唐山师范学院图书馆 欢迎您!
大连网信软件有限公司© 版权所有